000 00928nam a22002417a 4500
008 240605b mp ||||| |||| 00| 0 mon d
020 _a978-99973-1-425-3
035 _a25558
040 _aHE0623081
_bmon
_cMN-UlNLM
_dMN-UlNLM
_erda
041 _amon
042 _a59395
084 _2NNA
_a87.2
_bР.49
100 _aРиэко С.
245 0 _aӨөрийгөө олсон амьдрал
264 _aУБ.
_bМонсудар хэвлэлийн газар
_c2021
300 _a164х.
336 _2rdacontent
_atext
_btxt
337 _2rdamedia
_aunmediated
_bn
338 _2rdacarrier
_avolume
_bnc
650 _aСайбара Риэко нь Японы Кочи мужийн ядуу тосгонд төрж өсжээ. Хар багаасаа ядуурал , архинаас болж олон хүүхдүүд хүнд хэцүү амьдра...
942 _2NNA
_cBK
999 _c895237
_d895294